000 00913nas a2200337 4500
001 BR0404023
003 BR-BrBNA
005 20231205104750.0
007 ta
008 230509b bl.|||p| |||| 00| 00por d
040 _aBR-BrBNA
_bpor
_cBiblioteca Nacional de Agricultura
041 _a(Pt)
072 _aL73; L70
100 1 _aAzevedo, S.S. de
100 1 _aVasconcellos, S.A.
100 1 _aAlves, C.J.
245 1 _aBrucelose canina por Brucella canis
650 _aCÃO
650 _aBRUCELLA CANIS
650 _aBRUCELOSE
650 _aZOONOSE
650 _aETIOLOGIA
650 _aSAÚDE PÚBLICA
650 _aTRANSMISSÃO DE DOENÇA
650 _aSINTOMA
650 _aDIAGNÓSTICO
650 _aVETERINÁRIA
773 0 _tRevista CFMV (Brazil)
_xISSN 1517-6959
_g(Jan-Apr 2004), v. 10(31) p. 38-46
_wBR0404023
909 _a202311
_bLúcia
_c55
_dLúcia Elande
942 _2AGRIS
_n0
_cANA
999 _c179600
_d179600